Charleston, SC 1966 /

Bibliographic Details
Other Authors: Rucker, Darius (Performer), Paisley, Brad (Performer)
Format: CD Audio
Language:English
Published: Nashville, TN : Capitol, [2010]
Subjects:

MARC

Tag First Indicator Second Indicator Subfields
LEADER 00000cjm a2200000 a 4500
001 in00002785423
005 20150922145240.0
007 sd fsngnnmmned
008 110712s2010 tnucynn d n eng d
010 |a  2011616105 
019 |a 662414660  |a 690850244 
024 3 |a 5099962693929 
028 0 2 |a 509996 26939 2 9  |b Capitol 
035 |a (OCoLC)ocn660194014 
035 |a (OCoLC)660194014  |z (OCoLC)662414660  |z (OCoLC)690850244 
037 |b Midwest Tape  |n http://www.midwesttapes.com 
040 |a TEFMT  |b eng  |c TEFMT  |d DLC  |d TEF  |d BKX  |d ZPX  |d ORX  |d WIM  |d BTCTA  |d ZAC  |d IA4  |d GK8  |d MVQ  |d TXA  |d UtOrBLW 
042 |a lccopycat 
049 |a TXAM 
050 4 |a M1630.18.R83  |b C43 2010 
082 0 4 |a 782.421642  |2 22 
100 1 |a Rucker, Darius,  |e performer. 
245 1 0 |a Charleston, SC 1966 /  |c Darius Rucker. 
246 3 |a Charleston, South Carolina, 1966 
264 1 |a Nashville, TN :  |b Capitol,  |c [2010] 
264 4 |c ℗2010 
300 |a 1 sound disc :  |b digital ;  |c 4 3/4 in. 
336 |a performed music  |b prm  |2 rdacontent 
337 |a audio  |b s  |2 rdamedia 
338 |a audio disc  |b sd  |2 rdacarrier 
511 0 |a Darius Rucker ; with vocal and instrumental acc. 
508 |a Produced by Frank Rogers. 
500 |a Compact disc. 
500 |a Lyrics on container insert. 
505 0 0 |t This --  |t Come back song --  |t Might get lucky --  |t Whiskey and you --  |t Southern state of mind --  |t Love will do that --  |t The craziest thing --  |t Things I'd never do --  |t We all fall down --  |t I don't care  |r (feat. Brad Paisley) --  |t She's beautiful --  |t I got nothin' --  |t In a big way. 
500 |a Sound recording. 
650 0 |a Country music  |y 2001-2010. 
655 7 |a Country music  |y 2001-2010.  |2 lcgft 
655 4 |a Country. 
700 1 |a Paisley, Brad,  |e performer. 
948 |a cataloged  |b h  |c 2012/11/29  |d c  |e jolivare  |f 12:56:47 pm 
994 |a C0  |b TXA 
999 |a MARS 
999 f f |s d75b6d02-0a01-35b8-b6c9-29e50194f3a5  |i 44481ec0-3c98-354d-970c-658b3d12e366  |t 0 
952 f f |p ric  |a Texas A&M University  |b Rellis Campus  |c Joint Library Facility  |d Remote Storage  |t 0  |e M1630.18.R83 C43 2010  |h Library of Congress classification  |i audio -- audio disc  |m A14841593085 
998 f f |a M1630.18.R83 C43 2010  |t 0  |l Remote Storage